Choix de chroniques et mémoires sur l'histoire de France. (Record no. 185790)

MARC details
000 -LEADER
campo de control de longitud fija 00827nam a2200193 i 4500
001 - NÚMERO DE CONTROL
campo de control 185790
003 - IDENTIFICADOR DE NÚMERO DE CONTROL
campo de control ES-MaACL
005 - FECHA Y HORA DE LA ÚLTIMA TRANSACCIÓN
campo de control 20230906222523.0
008 - DATOS DE LONGITUD FIJA--INFORMACIÓN GENERAL
campo de control de longitud fija 160810s1838 fr |||| | fre d
245 00 - MENCIÓN DEL TÍTULO
Título Choix de chroniques et mémoires sur l'histoire de France.
Número de parte o sección de la obra [12],
Nombre de parte o sección de la obra Mathieu de Coussy ; Chronique de 1444 à 1461. Jean de Troyes ; Chronique de Louis XI de 1461 à 1483. Guillaume Gruel ... [et al.] /
Mención de responsabilidad, etc. avec notices biographiques par J.A C. Buchon.
260 ## - PUBLICACIÓN, DISTRIBUCIÓN, ETC.
Lugar de publicación, distribución, etc. Paris :
Nombre del editor, distribuidor, etc. A. Desrez, 1838.
300 ## - DESCRIPCIÓN FÍSICA
Extensión XXXVIII, 740 p. ;
Dimensiones 26 cm.
490 1# - MENCIÓN DE SERIE
Mención de serie Panthéon littéraire. Littérature française
651 #4 - PUNTO DE ACCESO ADICIONAL DE MATERIA--NOMBRE GEOGRÁFICO
Nombre geográfico Francia-
Subdivisión general Historia-
Subdivisión de forma Fuentes.
9 (RLIN) 160434
700 1# - ENTRADA AGREGADA--NOMBRE PERSONAL
Nombre de persona Buchon, Jean-Alexandre.
9 (RLIN) 126221
830 0# - PUNTO DE ACCESO ADICIONAL DE SERIE-TÍTULO UNIFORME
Título uniforme Panthéon littéraire. Littérature française
9 (RLIN) 192401
852 ## - LOCALIZACIÓN
Ubicación ES-MaACL
Número de control de estantería G-13581
Holdings
Estatus retirado Estado de pérdida Estado de daño No para préstamo Biblioteca de origen Biblioteca actual Ubicación en estantería Fecha de adquisición Fuente de adquisición Total de préstamos Signatura topográfica completa Código de barras Visto por última vez Precio de reemplazo Tipo de ítem Koha
        Biblioteca del Ateneo de Madrid Biblioteca del Ateneo de Madrid Sala Pecera Planta 3 10/08/2016     G-13581 1195846 23/02/2023 23/02/2023 Libro impreso